| 000 | 00761nam a2200241 i 4500 | ||
|---|---|---|---|
| 001 | 105682 | ||
| 003 | ES-MaACL | ||
| 007 | t| | ||
| 008 | 060807s1959 ag ||||1| spa d | ||
| 080 | _a821.134.2-2"19" | ||
| 100 | 1 |
_aGrau, Jacinto, _d1877-1958 _959732 |
|
| 245 | 1 | 0 |
_aTeatro [vol. 2] _b: En el infierno se están mudando ; Tabarín ; Bibí Carabé / _cJacinto Grau. |
| 260 |
_aBuenos Aires : _bLosada, _c[1959] |
||
| 300 |
_a279 p. ; _c21 cm. |
||
| 490 | 1 | _aGran teatro del mundo | |
| 500 | _aBiblioteca Juan Andrade. | ||
| 740 | 0 | _aEn el infierno se están mudando. | |
| 740 | 0 | _aTabarín. | |
| 740 | 0 | _aBibí Carabé. | |
| 830 | 0 | 0 |
_aGran teatro del mundo (Losada) _9184853 |
| 852 |
_aES-MaACL _jAND-495 _bR.109808 |
||
| 999 |
_c105682 _d105682 |
||